Loading...
| Fine Arts - Other Fine Arts | 0 | 5 | 0 | 1 | 50 | 84 | 117.60 | 2 | 4 |
| Philosophy | 0 | 5 | 0 | 0 | 50 | 78 | 94.00 | 2 | 5 |
| Religion | 1 | 3 | 0 | 0 | 45 | 69 | 93.00 | 2 | 3 |
| Literature - American Literature | 0 | 4 | 0 | 0 | 40 | 90 | 108.50 | 1 | 3 |
| Literature - European Literature | 0 | 4 | 0 | 1 | 40 | 94 | 113.00 | 1 | 4 |
| Literature - British Literature | 0 | 4 | 0 | 1 | 40 | 108 | 117.25 | 0 | 3 |
| Social Science | 0 | 4 | 1 | 1 | 35 | 71 | 102.00 | 1 | 4 |
| History - World History | 0 | 4 | 1 | 1 | 35 | 79 | 93.75 | 1 | 4 |
| Literature - World Literature | 0 | 4 | 1 | 1 | 35 | 110 | 127.75 | 1 | 4 |
| Fine Arts - Auditory Fine Arts | 0 | 4 | 1 | 0 | 35 | 79 | 100.75 | 0 | 4 |
| History - Other History | 1 | 2 | 1 | 1 | 30 | 42 | 76.00 | 2 | 2 |
| Science - Other Science | 0 | 2 | 1 | 0 | 15 | 100 | 110.50 | 0 | 1 |
| Mythology | 0 | 2 | 1 | 0 | 15 | 107 | 116.00 | 0 | 2 |
| Geography | 0 | 1 | 0 | 0 | 10 | 99 | 99.00 | 1 | 1 |
| Science - Chemistry | 0 | 1 | 0 | 0 | 10 | 104 | 104.00 | 0 | 0 |
| Science - Biology | 0 | 1 | 0 | 0 | 10 | 110 | 110.00 | 0 | 0 |
| Science - Physics | 0 | 1 | 1 | 1 | 5 | 123 | 123.00 | 0 | 1 |
| History - European History | 1 | 0 | 3 | 0 | 0 | 42 | 42.00 | 1 | 1 |
| Fine Arts - Visual Fine Arts | 0 | 2 | 4 | 0 | 0 | 79 | 81.50 | 1 | 2 |
| History - American History | 0 | 1 | 3 | 1 | -5 | 102 | 102.00 | 0 | 1 |